Hungary at the Eurovision Song Contest - Statistics

General Stats
  • This quiz has been taken 133 times
    120 since last reset
  • The average score is 11 of 17
Answer Stats
Year Song Artist % Correct
2017 Origo Joci Pápai
93%
2019 Az én apám Joci Pápai
93%
2018 Viszlát nyár AWS
86%
2013 Kedvesem ByeAlex
84%
2011 What about my dreams? Kati Wolf
83%
2016 Pioneer Freddie
80%
2014 Running András Kállay-Saunders
79%
2015 Wars for nothing Boggie
70%
2005 Forogj, világ! NOX
68%
2007 Unsubstantial blues Magdi Rúzsa
59%
2012 Sound of our hearts Compact Disco
58%
1994 Kinek mondjam el vétkeimet? Friderika Bayer
51%
2008 Candlelight Csézy
47%
1998 A holnap már nem lesz szomorú Charlie
42%
2009 Dance with me Zoli Ádok
41%
1997 Miért kell, hogy elmenj? V.I.P.
34%
1995 Új név a régi ház falán Csaba Szigeti
17%
No matching quizzes found
Score Distribution
Percent of People with Each Score
Percentile by Number Answered
Your Score History
You have not taken this quiz since the last reset